[Event "Maipu Magistral"]
[Site "Maipu"]
[Date "2002.08.29"]
[Round "8"]
[White "Castellanos Rodriguez, Renier"]
[Black "Toro Diaz, Felipe"]
[Result "1-0"]
[WhiteElo "2367"]
[BlackElo "2285"]
[PlyCount "53"]
[EventDate "2002.08.17"]
[EventType "tourn"]
[EventRounds "11"]
[EventCountry "CHI"]
[EventCategory "1"]
[SourceTitle "EXT 2006"]
[Source "ChessBase"]
[SourceDate "2005.11.24"]
[SourceVersion "1"]
[SourceVersionDate "2005.11.24"]
[SourceQuality "1"]

1. e4 e5 2. Nf3 Nc6 3. Bb5 a6 4. Ba4 Nf6 5. 0-0 Be7 6. Re1 b5 7. Bb3 0-0 8. h3 d6 9. c3 Na5 10. Bc2 Bb7 11. d4 Nc4 12. a4 bxa4 13. Rxa4 Nb6 14. Ra1 Nfd7 15. Nbd2 Bf6 16. Nb3 Nc4 17. Bd3 Ndb6 18. Qe2 d5 19. Nc5 dxe4 20. Nxe4 Bxe4 21. Qxe4 g6 22. Bxc4 exd4 23. Qc6 dxc3 24. Rb1 Nxc4 25. Qxc4 Rb8 26. Bh6 Re8 27. bxc3 1-0

[Event "Maipu-San Bernardo m"]
[Site "Maipu"]
[Date "2001.10.20"]
[Round "1.2"]
[White "Llorens Sepulveda, Marcelo"]
[Black "Toro Diaz, Felipe"]
[Result "0-1"]
[WhiteElo "2374"]
[BlackElo "2187"]
[PlyCount "80"]
[EventDate "2001.10.20"]
[EventType "team"]
[EventRounds "2"]
[EventCountry "CHI"]
[SourceTitle "EXT 2006"]
[Source "ChessBase"]
[SourceDate "2005.11.24"]
[SourceVersion "1"]
[SourceVersionDate "2005.11.24"]
[SourceQuality "1"]

1. e4 c5 2. Nf3 e6 3. d4 cxd4 4. Nxd4 Nc6 5. Nxc6 bxc6 6. Bd3 Nf6 7. 0-0 d5 8. Nd2 Be7 9. c4 0-0 10. b3 a5 11. e5 Nd7 12. Re1 f5 13. Nf3 Nc5 14. Nd4 Qb6 15. cxd5 cxd5 16. Bc2 Bd7 17. Ba3 Rfc8 18. h3 Bf8 19. Re3 Ne4 20. Bxf8 Rxf8 21. Bxe4 fxe4 22. Rc1 a4 23. Qd2 Qb8 24. f3 Qxe5 25. fxe4 dxe4 26. Nf3 Qf4 27. Rc4 Bc6 28. Rec3 axb3 29. Qxf4 Rxf4 30. axb3 Bd5 31. Rb4 Raf8 32. Nd2 Rf2 33. Nxe4 Re2 34. Rbc4 Bxc4 35. Rxc4 h6 36. Nc5 Rff2 37. Rg4 e5 38. Ne6 Rf7 39. Rb4 g5 40. h4 Rff2 0-1

[Event "Santiago op"]
[Site "Santiago de Chile"]
[Date "1992.??.??"]
[Round "3"]
[White "Toro Diaz, Felipe"]
[Black "Capo, Jose Miguel"]
[Result "1/2-1/2"]
[WhiteElo "2285"]
[BlackElo "2390"]
[PlyCount "66"]
[EventDate "1992.??.??"]
[EventType "swiss"]
[EventRounds "9"]
[EventCountry "CHI"]
[SourceTitle "EXT 1998"]
[Source "ChessBase"]
[SourceDate "1997.11.17"]
[SourceVersion "1"]
[SourceVersionDate "1997.11.17"]
[SourceQuality "1"]

1. d4 Nf6 2. c4 e6 3. Nc3 Bb4 4. e3 b6 5. Nf3 Bb7 6. Bd3 0-0 7. Qc2 d5 8. cxd5 exd5 9. 0-0 c5 10. a3 Bxc3 11. bxc3 c4 12. Bf5 g6 13. Bh3 Ne4 14. g3 Nc6 15. Nd2 Nxd2 16. Bxd2 Re8 17. f3 Na5 18. Rae1 Nb3 19. Bg2 f5 20. Rf2 Qd6 21. Rfe2 Qxa3 22. e4 Nxd2 23. Qxd2 dxe4 24. fxe4 fxe4 25. Bxe4 Bxe4 26. Rxe4 Rxe4 27. Rxe4 Qa1+ 28. Re1 Qa4 29. Re7 Re8 30. Qe2 Rxe7 31. Qxe7 Qd1+ 32. Kg2 Qc2+ 33. Kg1 Qxc3 1/2-1/2